| 000 | 00959nmc a2200349 a 4500 | ||
|---|---|---|---|
| 003 | AR-BaBNM | ||
| 005 | 20251128211657.0 | ||
| 008 | 095020s2001 ||||||||||||||000 | spa|| | ||
| 020 | _a987-98166-5-x | ||
| 040 | _cAR-BaBNM | ||
| 100 | 1 | _aLettieri, Alberto | |
| 245 | 1 | 0 |
_aLos tiempos modernos _bdel capitalismo a la globalización siglos XVII al XXI |
| 250 | _a2ª ed. | ||
| 260 |
_aBuenos Aires _bDel Signo _c2001 |
||
| 300 | 0 |
_a374 p. _bmapas |
|
| 490 | 0 |
_aSituaciones _v5 |
|
| 650 | 4 | _aHISTORIA ECONOMICA | |
| 650 | 4 | _aECONOMIA | |
| 650 | 4 | _aANALISIS ECONOMICO | |
| 650 | 4 | _aMERCADOS FINANCIEROS | |
| 650 | 4 | _aSISTEMAS ECONOMICOS INTERNACIONALES | |
| 650 | 4 | _aPOLITICA ECONOMICA | |
| 650 | 4 | _aCAPITALISMO | |
| 650 | 4 | _aCRECIMIENTO ECONOMICO | |
| 650 | 4 | _aLIBERALISMO | |
| 653 | 0 | _aGLOBALIZACION | |
| 700 | 1 | _aPfeiffer, Annette | |
| 700 | 1 | _aPontoriero, Gustavo | |
| 700 | 1 | _aStortini, Julio | |
| 942 | _cBK | ||
| 998 | _cmariana | ||
| 999 |
_c20674 _d20674 |
||